000 00312nam a2200133Ia 4500
005 20260328101442.0
008 260328s9999||||xx |||||||||||||| ||und||
100 _aGull, Erhard
245 0 _aPerspectiva /
_cErhard Gull
260 _bReverté
300 _a90 p.
650 _aDIBUJO ARQUITECTÓNICO
942 _cBK
999 _c8299
_d8299